| 000 | 00380nam a2200145 4500 | ||
|---|---|---|---|
| 008 | 251103b |||||||| |||| 00| 0 eng d | ||
| 020 | _a9781529669992 | ||
| 082 | _a745.207 MUR | ||
| 100 | _aMuratovski, Gjoko. | ||
| 245 | _aResearch for Designers: A Guide to methods and practice | ||
| 250 | _a3rd Edi. | ||
| 260 |
_aLondon _bSage _c2025 |
||
| 300 | _a363 | ||
| 942 |
_2ddc _cC |
||
| 999 |
_c63956 _d63956 |
||